00556nam a2200181 450000500170000001000150001702000270003203500140005903700090007308200210008210000190010324500840012225000090020626000300021527000900024530000210033570000180035620260413152705.0 aENG-148271 a9788197321429c1780.00 aEN-131803 bDBAD 22024a302.091824 aPayl, Joshy M. aChina's Air Power and strategies Towards the indian Ocean RegioncJoshy M. Paul a2024 aDaryaganjbkalpana Shukla a4676/21, first floor, Ansari RoadbNew delhie110002k1143528107mproduction@kwpub.in a254.pgc23cm(hb) aJoshy M. Paul